| 000 | 00857nam a2200289 a 4500 | ||
|---|---|---|---|
| 999 |
_c9401 _d9401 |
||
| 001 | 9401 | ||
| 003 | BD - JhCC | ||
| 005 | 20180313190952.0 | ||
| 008 | 500101s1988 ilu b 001 0 eng d | ||
| 020 | _a0226131068 (hard) : | ||
| 020 | _a0226131076 (pbk.) : | ||
| 035 |
_aoxf990001631 _a(BD - JhCC)9401 |
||
| 040 |
_aDLC _cDLC _dBD-JhCC |
||
| 041 | _aeng | ||
| 050 | 0 |
_aKF4550.Z9 _bC88 1988 |
|
| 082 | _a342.73 | ||
| 082 |
_a347.302 _219 _bCUR 1988 |
||
| 100 | 1 | _aCurrie, David P. | |
| 245 | 1 | 4 |
_aThe Constitution of the United States : _ba primer for the people / _cDavid P. Curriee |
| 260 |
_aChicago ; _aLondon : _bUniversity of Chicago Press, _c1988. |
||
| 300 |
_aix, 150 p. ; _c21 cm. |
||
| 500 | _aIncludes index. | ||
| 504 | _aBibliography: p. 135-137. | ||
| 650 | 0 |
_aConstitutional law _zUnited States |
|
| 942 |
_2ddc _cBK |
||